| 000 | 00549nam a22001457a 4500 | ||
|---|---|---|---|
| 008 | 160204b xxu||||| |||| 00| 0 eng d | ||
| 020 | _a9781420072082 | ||
| 082 |
_222 _a620.11223 _bDEV 2008 |
||
| 245 |
_aDevelopments in high-temperature corrosion and protection of materials _cedited by Wei Gao and Zhengwei li |
||
| 260 |
_aBoca raton, USA: _bWoodhead pulishing; _cc2008. |
||
| 300 |
_axiii, 639p: _bill; |
||
| 440 | _aWoodhead publishing in materials | ||
| 650 |
_2Materials at high temperatures _aCorrosion and anti-corrosives |
||
| 942 |
_2ddc _cBK |
||
| 999 |
_c356035 _d356035 |
||